<?xml version="1.0" encoding="UTF-8"?>
<record
    xmlns:xsi="http://www.w3.org/2001/XMLSchema-instance"
    xsi:schemaLocation="http://www.loc.gov/MARC21/slim http://www.loc.gov/standards/marcxml/schema/MARC21slim.xsd"
    xmlns="http://www.loc.gov/MARC21/slim">

  <leader>02593    a2200241   4500</leader>
  <controlfield tag="001">25221</controlfield>
  <controlfield tag="005">20260407155536.0</controlfield>
  <controlfield tag="008">260407a1963    arg                 spa d</controlfield>
  <controlfield tag="003">AR-UNSa-BCEJYS</controlfield>
  <datafield tag="040" ind1=" " ind2=" ">
    <subfield code="a">AR-UNSa-BCEJYS</subfield>
    <subfield code="b">spa</subfield>
    <subfield code="c">AR-UNSa-BCEJYS</subfield>
  </datafield>
  <datafield tag="080" ind1=" " ind2=" ">
    <subfield code="a">519.2</subfield>
    <subfield code="x">Probabilidades y estad&#xED;stica matem&#xE1;tica
</subfield>
  </datafield>
  <datafield tag="245" ind1="1" ind2="0">
    <subfield code="a">Tablas estad&#xED;sticas para investigadores, cient&#xED;ficos, econ&#xF3;micos, demogr&#xE1;ficos y especialmente biolog&#xED;cos, agron&#xF3;micos y m&#xE9;dicos</subfield>
  </datafield>
  <datafield tag="250" ind1=" " ind2=" ">
    <subfield code="a">3a. ed</subfield>
  </datafield>
  <datafield tag="264" ind1=" " ind2="1">
    <subfield code="a">Madrid :</subfield>
    <subfield code="b">Aguilar</subfield>
    <subfield code="c">1963</subfield>
  </datafield>
  <datafield tag="300" ind1=" " ind2=" ">
    <subfield code="a">131 p.</subfield>
    <subfield code="c">30 cm.</subfield>
  </datafield>
  <datafield tag="505" ind1=" " ind2=" ">
    <subfield code="a">1. La distribuci&#xF3;n normal - 2. Ordenadas de la distribuci&#xF3;n normal - 3. Distribuci&#xF3;n de T(probabilidad) - 4. Distribuci&#xF3;n de X2(probabilidad) - 5.Distribuci&#xF3;n de Z y de raz&#xF3;n de varianza - 6. El coefieniente de correlaci&#xF3;n.Valores del coeficiente de correlaci&#xF3;n para diferentes niveles de significaci&#xF3;n - 7. El coeficiente de correlaci&#xF3;n.Transformaci&#xF3;n de r en z (interclases) - 8. Pruebas de significaci&#xF3;n por tablas de contingencia 2x2 - 9. Probitas. Transformaci&#xF3;n de la curva sigmoide de mortalidad por dosificaci&#xF3;n en una l&#xED;nea recta - 10. Cuantilas sencillas de la distribuci&#xF3;n normal.Fracciones propias, con denominadores hasta 30, y las correspondientes desviaciones normales - 11. Probitas.Coeficientes de ponderaci&#xF3;n cuando hay mortalidad entre controles - 12. Transformaci&#xF3;n angular.Transformaci&#xF3;n de porcentajes en grado - 13. Transformaci&#xF3;n angular. Tarnsformaci&#xF3;n angular.Transformaci&#xF3;n de fracciones propias en grados - 14. Transformaci&#xF3;n angular.Valores angulares para ajustes de especial exactitud - 15. Cuadrados latinos - 16. Series completas de cuadros latinos ortogonales - 17. Bloques incompletos equilibrados. Soluciones combinatorias - 18. Bloque incompletos equilibrados.Indice para el n&#xFA;mero de repeticiones - 19. Bloque incompletos equilibrados. Indice para el n&#xFA;mero de unidades en un bloque - 20. Recuentos por datos ordinales(o por rangos) - 21. Recuentos por datos ordinales - 22. Diferncias iniciales de potencias de n&#xFA;meros naturales - 23. Polinomios ortogonales - 24. C&#xE1;lculo de integrales de ordenadas igualmente espaciales - 25. Logaritmos - 26. Logaritmos naturales - 27. Cuadrados - 28. Ra&#xED;ces cuadradas - 29. Rec&#xED;procos - 30. Factoriales - 31. Senos naturales - 32. Tangentes naturales - 33. N&#xFA;meros causales o aleatorios - 34. Constantes, pesas y medidas, etc.</subfield>
  </datafield>
  <datafield tag="942" ind1=" " ind2=" ">
    <subfield code="c">BK</subfield>
  </datafield>
  <datafield tag="590" ind1=" " ind2=" ">
    <subfield code="a">niveau_biblio:m niveau_hierar:0</subfield>
  </datafield>
  <datafield tag="100" ind1="1" ind2=" ">
    <subfield code="a">Ruiz Magan, Juan</subfield>
  </datafield>
  <datafield tag="700" ind1="1" ind2=" ">
    <subfield code="a">Fisher, Roland A.</subfield>
  </datafield>
  <datafield tag="700" ind1="1" ind2=" ">
    <subfield code="a">Yates, Frank</subfield>
  </datafield>
  <datafield tag="700" ind1="1" ind2=" ">
    <subfield code="a">Ruiz Rubio, Juan Jose</subfield>
  </datafield>
  <datafield tag="999" ind1=" " ind2=" ">
    <subfield code="c">1329</subfield>
    <subfield code="d">1329</subfield>
  </datafield>
  <datafield tag="952" ind1=" " ind2=" ">
    <subfield code="0">0</subfield>
    <subfield code="1">0</subfield>
    <subfield code="4">0</subfield>
    <subfield code="7">0</subfield>
    <subfield code="a">BCEJYS</subfield>
    <subfield code="b">BCEJYS</subfield>
    <subfield code="c">16</subfield>
    <subfield code="d">2026-04-07</subfield>
    <subfield code="l">0</subfield>
    <subfield code="o">519.2 F532t 3ed.</subfield>
    <subfield code="p">L22814</subfield>
    <subfield code="r">2026-04-07 15:55:36</subfield>
    <subfield code="w">2026-04-07</subfield>
    <subfield code="y">L</subfield>
  </datafield>
</record>
